Statistics for Spanish vocab week 1

Click here to take the quiz!

General Stats

  • This quiz has been taken 21 times
  • The average score is 25 of 70

Answer Stats

HintAnswer% Correct
the babyel/la bebé
100%
journalistel/la periodista
100%
to liementir
83%
freedomla libertad
67%
to behavecomportarse
50%
to look aftercuidar
50%
to educate/bring upeducar
50%
jokeel chiste
50%
to be fed up withestar harto de
50%
racela raza
50%
to respectrespetar
50%
toleranttolerante
50%
to decorateadornar
33%
looked afteratendido
33%
kindbondadoso
33%
cunningcalculador
33%
to be celebratedcelebrarse
33%
understandingcomprensivo
33%
to trustconfiar
33%
to commemorateconmemorar
33%
to answer backcontestar mal
33%
cosmopolitancosmopolita
33%
in the pastde antaño
33%
to shed tearsderramar lágrimas
33%
to arguediscutir
33%
dysfunctionaldisfuncional
33%
to burst into tearsecharse a llorar
33%
housewifeel ama de casa
33%
marriage ceremonyel casamiento
33%
cemeteryel cementerio
33%
generational conflictel conflicto generacional
33%
dutyel deber
33%
failureel fracaso
33%
twinel gemelo
33%
timetableel horario
33%
misunderstandingel malentendido
33%
to pair offemparejar
33%
enrichingenriquecedor
33%
to make mistakesequivocarse
33%
to run away from homeescaparse de casa
33%
to be obsessed withestar obsesionado de
33%
to be busyestar ocupado
33%
to make up (after a row)hacer las paces
33%
to make sacrificeshacer sacrificios
33%
joyla alegría
33%
battlela batalla
33%
weddingla boda
33%
rowla bronca
33%
terrible teensla edad del pavo
33%
nurseryla guardería
33%
quarrella riña
33%
smilela sonrisa
33%
chorela tarea
33%
to get on wellllevarse bien
33%
to show authoritymostrar autoridad
33%
to take care ofocuparse de
33%
proudorgulloso
33%
to give birthparir
33%
to arguepelearse
33%
strictsevero
33%
to fly the nestvolar del nido
33%
to be eageransiar
17%
stripped down/bareaustero
17%
delightel alborozo
17%
carnationel clavel
17%
small detailel pormenor
17%
skullla calavera
17%
to come home latellegar a las tantas
17%
to get angrymontar en cólera
17%
to interferemeterse
0%

Score Distribution

Percentile by Number Answered

Percent of People with Each Score

Your Score History

You have not taken this quiz